000 00832nam a22002897a 4500
001 BR6001286
003 BR-BrBNA
005 20230928083054.0
007 ta
008 230509b bl.||||| |||| 00| 0 por d
040 _aBR-BrBNA
_bpor
_cBiblioteca Nacional de Agricultura
041 _a(Por)
072 _aK50; E10; E70
_b/G514
090 _ K50 BR6001286
100 1 _aSilva, E.M. de C. e
245 1 _aA industria da celulose. Materia prima para o papel, seus problemas no Brasil e o processo do gas cloro
260 3 _aSao Paulo, SP (Brasil):
_bRevista dos Tribunais,
_c1943.
300 _a297 p.
500 _a42 ref.
650 _aIndustria florestal
650 _aMacroeconomia
650 _aComercializacao
650 _aPapel
650 _aCelulose
909 _a202309
_bLucia
_c55
_dLucia Elande
942 _cBK
999 _c11416
_d11416